| 000 | 01073nac a22002411u 4500 | ||
|---|---|---|---|
| 010 | _a 2001030410 | ||
| 020 | _a0072393424 | ||
| 020 | _a0071122370 : | ||
| 082 | 0 | 0 |
_a621.3 _bK1912 |
| 090 |
_c4448 _d4448 |
||
| 100 | _aKasap, S. O. | ||
| 245 | 1 | 0 |
_aPrinciples of electronic materials and devices / _cS. O. Kasap. |
| 250 |
_a2nd ed. _binternational edition |
||
| 260 |
_aBoston : _bMcGraw-Hill,2002 _cc2002. |
||
| 300 |
_axv, 745 p. : _bill. ; _c24 cm. |
||
| 500 | _aRev. ed. of: Principles of electrical engineering materials and devices. 2000. | ||
| 504 | _aIncludes bibliographical references and index. | ||
| 650 | 0 |
_aElectric engineering _xMaterials. |
|
| 650 | 0 | _aElectric apparatus and appliances. | |
| 942 |
_cBB _k621.3K1912 |
||
| 999 |
_c4448 _d4448 |
||